000 00721nam a22002297a 4500
005 20170124110221.0
010 _aA-943774
020 _c595.00
_a8124104352
035 _aA-943774
037 _bCen Lib/Ret
040 _aDPL
_bEN
082 _a320.954
_bAWA
100 _aAwasthy, S. S.
_939806
245 _aIndian goverment and politics /
_cby S. S. Awasthy
260 _aNew Delhi
_bHar-Anand Publications
_c1999
270 _a364-A, chirag delhi
_bNew Delhi
_e110017
300 _a520p.
_c21cm(Hb)
500 _aIncludes bibliographical references and index
650 _aPolitical science
_992007
650 _aOpposition (Political science)
_939808
942 _2ddc
_cEN
_h320.954
_mAWA
999 _c134103
_d134103